[Event "San Francisco TNM Winter op"]
[Site "San Francisco"]
[Date "2016.01.19"]
[Round "3"]
[White "Purland, Matthew D"]
[Black "Handler, Andrew Todd"]
[Result "1/2-1/2"]
[WhiteElo "1560"]
[BlackElo "1752"]
[PlyCount "53"]
[EventDate "2016.01.05"]
[EventType "swiss"]
[EventRounds "8"]
[EventCountry "USA"]
[SourceTitle "EXT 2018"]
[Source "ChessBase"]
[SourceDate "2017.10.13"]
[SourceVersion "1"]
[SourceVersionDate "2017.10.13"]
[SourceQuality "1"]

1. e4 c5 2. Nc3 Nc6 3. f4 g6 4. Nf3 Bg7 5. Bb5 Nd4 6. 0-0 a6 7. Ba4 b5 8. Bb3 c4 9. e5 Nxf3+ 10. Qxf3 Qb6+ 11. d4 Bb7 12. Qf2 cxb3 13. Be3 Nh6 14. d5 Qd8 15. Bb6 Qc8 16. cxb3 0-0 17. Rac1 Qe8 18. d6 e6 19. Qe2 f5 20. b4 Qb8 21. Bc7 Qa7+ 22. Kh1 Ng4 23. Nd1 Rac8 24. h3 Nh6 25. Nf2 Nf7 26. Nd3 Nd8 27. Nc5 1/2-1/2

[Event "San Francisco TNM Spring op"]
[Site "San Francisco"]
[Date "2015.03.24"]
[Round "2"]
[White "Purland, Matthew D"]
[Black "Krasnov, Steven Lender"]
[Result "1-0"]
[WhiteElo "1507"]
[BlackElo "2016"]
[PlyCount "77"]
[EventDate "2015.03.17"]
[EventType "swiss"]
[EventRounds "8"]
[EventCountry "USA"]
[SourceTitle "EXT 2016"]
[Source "ChessBase"]
[SourceDate "2015.10.08"]
[SourceVersion "1"]
[SourceVersionDate "2015.10.08"]
[SourceQuality "1"]

1. e4 c5 2. Nc3 Nc6 3. f4 g6 4. Nf3 Bg7 5. Bb5 e6 6. Bxc6 bxc6 7. 0-0 Ne7 8. d3 Rb8 9. Qe1 d5 10. e5 Qa5 11. Ne4 Qxe1 12. Nd6+ Kf8 13. Rxe1 Nf5 14. Nxf5 gxf5 15. c4 Ke8 16. b3 Rg8 17. Ba3 Bf8 18. cxd5 cxd5 19. Rac1 Ba6 20. Bxc5 Bxc5+ 21. Rxc5 Bxd3 22. Rc7 Be4 23. Kf2 h6 24. Rec1 Kf8 25. Rxa7 Rg7 26. g3 f6 27. Rxg7 Kxg7 28. Rc7+ Kg6 29. Nh4+ Kh5 30. exf6 Rf8 31. f7 d4 32. a4 Rb8 33. b4 Rxb4 34. f8Q Rb2+ 35. Ke1 Rb1+ 36. Kd2 Rb2+ 37. Kd1 Rb1+ 38. Rc1 Rb2 39. h3 1-0

[Event "San Francisco TNM Winter op"]
[Site "San Francisco"]
[Date "2015.01.27"]
[Round "4"]
[White "Purland, Matthew D"]
[Black "Stearman, Micah S"]
[Result "1-0"]
[WhiteElo "1464"]
[BlackElo "935"]
[PlyCount "35"]
[EventDate "2015.01.06"]
[EventType "swiss"]
[EventRounds "8"]
[EventCountry "USA"]
[SourceTitle "EXT 2016"]
[Source "ChessBase"]
[SourceDate "2015.10.08"]
[SourceVersion "1"]
[SourceVersionDate "2015.10.08"]
[SourceQuality "1"]

1. e4 c5 2. Nc3 Nc6 3. f4 g6 4. Nf3 Bg7 5. Bc4 Nf6 6. d3 0-0 7. 0-0 d6 8. Qe1 e5 9. fxe5 dxe5 10. Bg5 Nd4 11. Nxd4 cxd4 12. Nd5 b5 13. Nxf6+ Kh8 14. Nxh7 Qd6 15. Qh4 Kg8 16. Nf6+ Bxf6 17. Bxf6 bxc4 18. Qh8# 1-0

[Event "San Francisco TNM Fall op"]
[Site "San Francisco"]
[Date "2014.10.28"]
[Round "2"]
[White "Purland, Matthew D"]
[Black "Shakhnazarov, Oleg"]
[Result "0-1"]
[WhiteElo "1479"]
[BlackElo "2154"]
[PlyCount "62"]
[EventDate "2014.10.21"]
[EventType "swiss"]
[EventRounds "8"]
[EventCountry "USA"]
[SourceTitle "EXT 2016"]
[Source "ChessBase"]
[SourceDate "2015.10.08"]
[SourceVersion "1"]
[SourceVersionDate "2015.10.08"]
[SourceQuality "1"]

1. e4 e5 2. Nf3 Nc6 3. d4 exd4 4. Nxd4 Qf6 5. c3 Bc5 6. Be3 Nge7 7. Bc4 0-0 8. 0-0 Ne5 9. Bb3 d6 10. f3 N7g6 11. Qc1 h6 12. Qc2 c6 13. Nd2 Nf4 14. Bxf4 Qxf4 15. Kh1 Qh4 16. Nc4 Nxc4 17. Bxc4 a5 18. a3 d5 19. Bd3 Bd6 20. g4 dxe4 21. Bxe4 Bf4 22. Nf5 Qf6 23. Rad1 Be6 24. Nd4 Bc4 25. Rfe1 a4 26. Nf5 g6 27. Ne3 Bb3 28. Qd3 Rad8 29. Qxd8 Rxd8 30. Rxd8+ Qxd8 31. Ng2 Qd2 0-1

[Event "San Francisco TNM Summer op"]
[Site "San Francisco"]
[Date "2013.06.25"]
[Round "5"]
[White "Otterbach, Renate"]
[Black "Purland, Matthew D"]
[Result "0-1"]
[WhiteElo "948"]
[BlackElo "1506"]
[PlyCount "110"]
[EventDate "2013.05.28"]
[EventType "swiss"]
[EventRounds "8"]
[EventCountry "USA"]
[SourceTitle "EXT 2016"]
[Source "ChessBase"]
[SourceDate "2015.10.08"]
[SourceVersion "1"]
[SourceVersionDate "2015.10.08"]
[SourceQuality "1"]

1. d4 Nf6 2. Nf3 g6 3. c4 Bg7 4. Nc3 0-0 5. e4 d6 6. Bd3 Bg4 7. Be3 Nbd7 8. h3 Bxf3 9. Qxf3 e5 10. d5 Qc8 11. b4 a5 12. Rb1 axb4 13. Rxb4 b6 14. 0-0 Nc5 15. Bb1 Qd7 16. Bc2 Kh8 17. a4 Ng8 18. Ra1 Ne7 19. Qg3 f5 20. Qh4 fxe4 21. Bd1 Nf5 22. Qg5 Bh6 23. Qg4 Bxe3 24. fxe3 Nxe3 25. Qxd7 Rf1+ 26. Kh2 Nxd7 27. Rbb1 Nc5 28. Be2 Rxb1 29. Rxb1 Rf8 30. Nb5 Rf2 31. Nxc7 Rxg2+ 32. Kh1 Rxe2 33. Rxb6 Nxc4 34. Rb8+ Kg7 35. Ne6+ Nxe6 36. dxe6 Kf6 37. Re8 Rb2 38. e7 Rb7 39. Rc8 Kxe7 40. Rxc4 d5 41. Rc5 Kd6 42. Rc8 Ra7 43. Rd8+ Kc5 44. Re8 Kd4 45. Rb8 Rxa4 46. Rb1 e3 47. Kg2 Ra2+ 48. Kf1 Rc2 49. Rb4+ Kd3 50. Rb3+ Kd2 51. Rb1 e2+ 52. Kf2 d4 53. Re1 d3 54. h4 e4 55. h5 e3+ 0-1

[Event "San Francisco TNM Summer op"]
[Site "San Francisco"]
[Date "2013.06.11"]
[Round "3"]
[White "Purland, Matthew D"]
[Black "Zhao, Audrey Jin Nin"]
[Result "0-1"]
[WhiteElo "1506"]
[BlackElo "1801"]
[PlyCount "84"]
[EventDate "2013.05.28"]
[EventType "swiss"]
[EventRounds "8"]
[EventCountry "USA"]
[SourceTitle "EXT 2016"]
[Source "ChessBase"]
[SourceDate "2015.10.08"]
[SourceVersion "1"]
[SourceVersionDate "2015.10.08"]
[SourceQuality "1"]

1. e4 c5 2. f4 d6 3. Nf3 Nc6 4. Nc3 Nf6 5. d4 cxd4 6. Nxd4 Qb6 7. Bb5 e5 8. fxe5 dxe5 9. Nxc6 bxc6 10. Bc4 Be7 11. Qd3 0-0 12. b3 Rd8 13. Na4 Bb4+ 14. Bd2 Bxd2+ 15. Qxd2 Qd4 16. Qxd4 Rxd4 17. 0-0 Bg4 18. h3 Bh5 19. g4 Bg6 20. Nc5 Nxe4 21. Nxe4 Rxe4 22. Rad1 Rd4 23. Rxd4 exd4 24. Rd1 c5 25. b4 cxb4 26. Rxd4 Bxc2 27. Rd7 Bg6 28. Bd5 Rc8 29. Rxa7 Kf8 30. h4 Rd8 31. Bb3 Rd4 32. Ra8+ Ke7 33. Ra7+ Kf6 34. g5+ Kf5 35. Bc2+ Ke6 36. Bb3+ Ke5 37. Bxf7 Rxh4 38. Ra5+ Ke4 39. Bd5+ Kf4 40. Be6 Rh5 41. Ra4 Rxg5+ 42. Kf2 Rb5 0-1